书目信息 |
| 题名: |
数字电路与系统设计学习指导
|
|
| 作者: | 黄丽亚 , 杨恒新 编著 | |
| 分册: | ||
| 出版信息: | 北京 北京邮电大学出版社 2006 |
|
| 页数: | 272页 | |
| 开本: | 26cm | |
| 丛书名: | ||
| 单 册: | ||
| 中图分类: | TN431.2 | |
| 科图分类: | ||
| 主题词: | 数字集成电路 , 系统设计 , 数字集成电路--系统设计--高等学校--教学参考资料 | |
| 电子资源: | ||
| ISBN: | 7-5635-1206-3 | |
| 000 | 00956nam0 2200253 450 | |
| 001 | 003171393 | |
| 005 | 20070804113252.64 | |
| 010 | @a7-5635-1206-3@dCNY25.00 | |
| 100 | @a20060608d2006 em y0chiy0110 ea | |
| 101 | 0 | @achi |
| 102 | @aCN@b110000 | |
| 105 | @ay z 000yy | |
| 200 | 1 | @a数字电路与系统设计学习指导@9shu zi dian lu yu xi tong she ji xue xi zhi dao@f黄丽亚,杨恒新编著 |
| 210 | @a北京@c北京邮电大学出版社@d2006 | |
| 215 | @a272页@d26cm | |
| 330 | @a本书是张顺兴主编的数字电路与系统设计的配套辅导书。旨在使读者掌握本课程的重要内容,学会解题方法,提高数字电路与系统的设计能力。本书章节与原书一一对应,每章包括内容提要、典型例题解析和教材习题解答三个部分。 | |
| 606 | 0 | @a数字集成电路 |
| 606 | 0 | @a系统设计 |
| 606 | 0 | @a数字集成电路@x系统设计@x高等学校@j教学参考资料 |
| 690 | @aTN431.2@v4 | |
| 701 | 0 | @a黄丽亚@9huang li ya@4编著 |
| 701 | 0 | @a杨恒新@9yang heng xin@4编著 |
| 801 | 0 | @aCN@bNLC@c20070804 |
| 905 | @a10447@dTN431.2@e112 | |
| 数字电路与系统设计学习指导/黄丽亚,杨恒新编著.-北京:北京邮电大学出版社,2006 |
| 272页;26cm |
| ISBN 7-5635-1206-3:CNY25.00 |
| 本书是张顺兴主编的数字电路与系统设计的配套辅导书。旨在使读者掌握本课程的重要内容,学会解题方法,提高数字电路与系统的设计能力。本书章节与原书一一对应,每章包括内容提要、典型例题解析和教材习题解答三个部分。 |
| ● |
| 相关链接 |
|
|
|
|
正题名:数字电路与系统设计学习指导
索取号:TN431.2/112
 
预约/预借
| 序号 | 登录号 | 条形码 | 馆藏地/架位号 | 状态 | 备注 |
| 1 | 0803511 | 208035115 | 第二样本阅览室/ [索取号:TN431.2/112] | 在馆 | |
| 2 | 0803512 | 208035124 | 第三借阅区/ [索取号:TN431.2/112] | 在馆 | |
| 3 | 0803513 | 208035133 | 第三借阅区/ [索取号:TN431.2/112] | 在馆 | |
| 4 | 0803514 | 208035142 | 第三借阅区/ [索取号:TN431.2/112] | 在馆 | |
| 5 | 0803515 | 208035151 | 第三借阅区/ [索取号:TN431.2/112] | 在馆 | |
| 6 | 0803516 | 208035160 | 第三借阅区/ [索取号:TN431.2/112] | 在馆 | |
| 7 | 0803517 | 208035179 | 第三借阅区/ [索取号:TN431.2/112] | 在馆 | |
| 8 | 0803518 | 208035188 | 第三借阅区/ [索取号:TN431.2/112] | 在馆 | |
| 9 | 0803519 | 208035197 | 第三借阅区/ [索取号:TN431.2/112] | 在馆 | |
| 10 | 0803520 | 208035204 | 第三借阅区/ [索取号:TN431.2/112] | 在馆 |